| 000 | 00600nam a22001937a 4500 | ||
|---|---|---|---|
| 005 | 20250910144931.0 | ||
| 008 | 250910b |||||||| |||| 00| 0 eng d | ||
| 037 | _cTB | ||
| 040 |
_aCL _cCL |
||
| 041 |
_2Eng _aEng |
||
| 245 |
_aAfrica at the millemium _b: An agenda for nature development |
||
| 260 |
_aNew York _bPalgrave _c2000 |
||
| 300 | _aXII,294p. | ||
| 365 |
_b52.50 _cUSD |
||
| 700 |
_aBakut, Bakut Ishwah _eEditor _9821008 |
||
| 700 |
_aDutt, Sagarika _eEditor. _9821009 |
||
| 942 |
_2CC _cTB _n0 |
||
| 999 |
_c1435304 _d1435304 |
||